| 000 | 00492nam a2200193 a 4500 | ||
|---|---|---|---|
| 005 | 20210219153008.0 | ||
| 008 | 991125n 000 0 spa u | ||
| 035 | _aUPN01000071842 | ||
| 100 | _aGALINDO R., José | ||
| 222 |
_aVINCULACION : _bUNIVERSIDAD-SOCIEDAD |
||
| 245 | _aDesarrollo sostenible para Jalisco | ||
| 260 | _aMéxico | ||
| 300 | _a3-4 | ||
| 362 | _a1995 No. 8, ago. | ||
| 653 | 0 | _aCONVENIOS EDUCATIVOS | |
| 653 | 0 | _aUDEG | |
| 904 |
_aAC _b009653 |
||
| 905 | _aArticulo | ||
| 999 |
_c65766 _d65766 |
||